000 00659nam a2200217Ia 4500
005 20241129104251.0
008 241129s9999||||xx |||||||||||||| ||und||
020 _a9781032668277
037 _aTextual
040 _aRTL
_beng
_cRTL
041 _aeng
_2eng
084 _aY9(W).465 R4
_qRTL
100 _aGolanska Dorota
_9725508
245 0 _aSlow urbicide: A new materialist account of political violence in Palestine
_cGolanska Dorota
260 _aNew York
_bRoutledge
_c2024
300 _axii,151p.
365 _aINR
_bRs.1295.00
650 _aPolitical Violence
_9453954
942 _cTB
_hY9(W).465 R4
999 _c1225138
_d1225138